000 00293nam a22001337a 4500
008 170306b xxu||||| |||| 00| 0 eng d
020 _a9781437718744
041 _aeng
080 _a61
100 _a4
101 _aSHM
245 _aCLINICS IN SPORTS MEDICINE
_cMILLER, M.D
942 _2udc
_cBK
999 _c6891
_d6891